000 00765nas a2200229 4500
001 BR0203953
003 BR-BrBNA
005 20231205103154.0
007 ta
008 230509b bl.|||p| |||| 00| 00por d
040 _aBR-BrBNA
_bpor
_cBiblioteca Nacional de Agricultura
041 _a(Pt)
072 _aH20
100 1 _aGoes, A. de
245 1 _aEfeito da combinação de fungicidas sistêmicos e protetores no controle da mancha preta dos frutos cítricos causada por Guignardia citricarpa
650 _aLARANJA
650 _aMANCHA PRETA
650 _aFUNGICIDA SISTÊMICO
773 0 _tSumma Phytopathologica (Brazil)
_xISSN 0100-5405
_g(Jan-Mar 2002), v. 28(1) p. 9-13
_wBR0203953
909 _a202311
_bLúcia
_c55
_dLúcia Elande
942 _2AGRIS
_n0
_cANA
999 _c171471
_d171471